|
|
|
|
| LEADER |
00000nam0a2200000 4500 |
| 001 |
291296 |
| 005 |
20231102000356.0 |
| 010 |
|
|
|a 9785941784813
|
| 035 |
|
|
|a (RuTPU)RU\TPU\book\315861
|
| 090 |
|
|
|a 291296
|
| 100 |
|
|
|a 20150413d2015 m y0rusy50 ca
|
| 101 |
0 |
|
|a rus
|
| 102 |
|
|
|a RU
|
| 105 |
|
|
|a a j 001zy
|
| 200 |
1 |
|
|a Технологическое оборудование машиностроительных производств. Станки шлифовальной, зубообрабатывающей, резьбообрабатывающей, фрезерной, строгальной, долбёжной и протяжной групп. Оборудование для электрофизикохимической обработки
|e учебное пособие для вузов
|f А. Г. Схиртладзе, Т. Н. Иванова, В. П. Борискин
|
| 210 |
|
|
|a Старый Оскол
|c ТНТ
|d 2015
|
| 215 |
|
|
|a 224 с.
|c ил.
|
| 320 |
|
|
|a Библиогр.: с. 219-220.
|
| 320 |
|
|
|a Алфавитно-предметный указатель: с. 217-218.
|
| 330 |
|
|
|a В учебном пособии рассмотрены кинематические схемы, конструкции, типы, разновидности, технологическое оснащение для инструментов и деталей группы шлифовальных станков, зубообрабатывающих, фрезерных, строгальных, долбёжных и протяжных групп станков и оборудования для электрофизической и электрохимической обработки.Учебное издание предназначено для студентов высших учебных заведений, обучающихся по направлению «Конст-рукторско-технологическое обеспечение машиностроительных производств».
|
| 606 |
1 |
|
|a Машиностроительные заводы
|x Оборудование
|2 stltpush
|3 (RuTPU)RU\TPU\subj\41578
|9 61367
|
| 610 |
1 |
|
|a шлифовальные станки
|
| 610 |
1 |
|
|a зубообрабатывающие станки
|
| 610 |
1 |
|
|a резьбообрабатывающие станки
|
| 610 |
1 |
|
|a фрезерные станки
|
| 610 |
1 |
|
|a строгальные станки
|
| 610 |
1 |
|
|a долбежные станки
|
| 610 |
1 |
|
|a протяжные станки
|
| 610 |
1 |
|
|a электроэрозионные станки
|
| 610 |
1 |
|
|a электрохимическая обработка
|
| 610 |
1 |
|
|a учебные пособия
|
| 675 |
|
|
|a 621.002.5(075.8)
|v 4
|
| 700 |
|
1 |
|a Схиртладзе
|b А. Г.
|g Александр Георгиевич
|
| 701 |
|
1 |
|a Иванова
|b Т. Н.
|g Татьяна Николаевна
|
| 701 |
|
1 |
|a Борискин
|b В. П.
|g Владимир Петрович
|
| 801 |
|
1 |
|a RU
|b 63413507
|c 20150413
|
| 801 |
|
2 |
|a RU
|b 63413507
|c 20150521
|g RCR
|
| 900 |
|
|
|a Технологическое оборудование с ЧПУ
|
| 942 |
|
|
|c BK
|
| 951 |
|
|
|l 8
|
| 959 |
|
|
|a 41/20150413
|d 3
|e 510,00
|f ЧЗТЛ:1
|f УФ:2
|